| 000 | 01084nam a2200325 i 4500 | ||
|---|---|---|---|
| 001 | 22726 | ||
| 003 | KOSZ 005 | ||
| 005 | 20201007104345.0 | ||
| 008 | 961010s1983 pl f |000 0 pol d | ||
| 040 |
_cKOSZ 005 _aKOSZ 005 _dKOSZ 005 |
||
| 041 | _apol | ||
| 046 | _k1983 | ||
| 080 | _a621.43 | ||
| 245 | 0 |
_aBadania eksploatacyjne silników / _cred. nauk. Janusz Mysłowski. |
|
| 260 |
_aSzczecin : _bPS, _c1983. |
||
| 336 |
_2rdacontent _aTekst _btxt |
||
| 337 |
_2rdamedia _aBez urządzenia pośredniczącego _bn |
||
| 338 |
_2rdacarrier _aWolumin _bnc |
||
| 380 | _aKsiążki | ||
| 380 | _aPublikacje naukowe | ||
| 388 | _a1901-2000 | ||
| 388 | _a1945-1989 | ||
| 490 | 1 |
_aPrace Naukowe Politechniki Szczecińskiej ; _vnr 235 |
|
| 650 | 4 | _aSilniki samochodowe | |
| 658 | _aInżynieria i technika | ||
| 700 | 1 |
_aMysłowski, Janusz _d(1938-2020) _eRedakcja |
|
| 830 |
_aPrace Naukowe Politechniki Szczecińskiej ; _vnr 235 |
||
| 856 |
_uhttp://koha.tu.koszalin.pl/cgi-bin/koha/opac-detail.pl?biblionumber=22726 _yKatalog online BPK |
||
| 942 |
_cKS _2UKD |
||
| 999 |
_c22726 _d22726 |
||